2011/12 English Premier League Top Goalscorers - Statistics

General Stats
  • This quiz has been taken 2,314 times
    2,313 since last reset
  • The average score is 10 of 21
Answer Stats
Goals Answer % Correct
26 Wayne Rooney
97%
30 Robin Van Persie
93%
22 Sergio Aguero
85%
11 Frank Lampard
78%
16 Demba Ba
77%
11 Luis Suarez
76%
13 Papiss Demba Cisse
60%
13 Edin Dzeko
58%
10 Jermain Defoe
58%
13 Mario Balotelli
46%
10 Peter Crouch
46%
16 Emmanuel Adebayor
45%
11 Daniel Sturridge
43%
10 Javier Hernandez
39%
14 Grant Holt
29%
17 Clint Dempsey
25%
16 Yakubu
24%
11 Steven Fletcher
21%
11 Danny Graham
19%
11 Rafael Van der Vaart
17%
10 Peter Odemwingie
14%
No matching quizzes found
Score Distribution
Percent of People with Each Score
Percentile by Number Answered
Your Score History
You have not taken this quiz since the last reset